[Event "Richard Riordan GM Blitz"]
[Site "Natanya ISR"]
[Date "2009.07.16"]
[Round "10"]
[White "Beliavsky,A"]
[Black "Nepomniachtchi,I"]
[Result "1/2-1/2"]
[WhiteElo "2662"]
[BlackElo "2632"]

1.Nf3 d5 2.d4 Nf6 3.c4 e6 4.Nc3 Be7 5.Qc2 c5 6.cxd5 cxd4 7.Nxd4 O-O 8.Bg5 Nxd5
9.Bxe7 Nxe7 10.Rd1 Qb6 11.g3 Nbc6 12.Nb3 e5 13.Bg2 Bf5 14.Qc1 Nd4 15.O-O Nxb3
16.axb3 Qxb3 17.Qe3 Nc6 18.Rd2 Rfe8 19.Qc5 Rac8 20.Qb5 Be6 21.Ra1 Re7 22.Bxc6 bxc6
23.Qxe5 Rce8 24.Qc5 Qb6 25.Qxb6 axb6 26.Ra6 b5 27.Rxc6 b4 28.Nd1 h6 29.Ne3 Ra7
30.Rc1 Bh3 31.Nd5 b3 32.Nf4 Bf5 33.f3 Bc2 34.Rcxc2  1/2-1/2

[Event "HZ Open"]
[Site "Vlissingen NED"]
[Date "2009.08.02"]
[Round "3"]
[White "Zelbel,P"]
[Black "Beliavsky,A"]
[Result "1-0"]
[WhiteElo "2348"]
[BlackElo "2662"]

1.e4 e5 2.f4 exf4 3.Nf3 d6 4.Nc3 Nc6 5.d4 g5 6.g3 g4 7.Nh4 f3 8.Be3 Be7 9.Qd2 h6
10.O-O-O Bg5 11.Bb5 Bxe3 12.Qxe3 Qg5 13.Nd5 Ne7 14.Nf5 Bxf5 15.exf5 O-O-O
16.Qxg5 hxg5 17.Ne3 Nb4 18.f6 Ned5 19.Nxg4 Nxa2+ 20.Kd2 Nab4 21.c3 c6 22.Bc4 Na6
23.Bxd5 cxd5 24.Ke3 Nc7 25.Kxf3 Rde8 26.Rde1 Re6 27.Rxe6 fxe6 28.h4 Kd7 29.Rh2 gxh4
30.Rxh4 Rf8 31.Rh7+ Kc6 32.Kf4 Ne8 33.f7 Kd7 34.Ke3 Nc7 35.Nf6+ Ke7 36.Ng8+ Kd7
37.g4 e5 38.g5 Ne6 39.g6  1-0

[Event "17th TCh-Eur"]
[Site "Novi Sad SRB"]
[Date "2009.10.24"]
[Round "3"]
[White "Navara,D"]
[Black "Beliavsky,A"]
[Result "1-0"]
[WhiteElo "2692"]
[BlackElo "2656"]

1.e4 e5 2.Nf3 Nc6 3.Bc4 Nf6 4.Ng5 d5 5.exd5 Na5 6.Bb5+ c6 7.dxc6 bxc6 8.Bd3 Nd5
9.Nf3 Bd6 10.O-O O-O 11.Re1 Bg4 12.h3 Bh5 13.Bf5 Qf6 14.Bg4 Bxg4 15.hxg4 Qg6
16.Nh4 Qf6 17.Nf5 Bc5 18.Nc3 Nxc3 19.dxc3 Bb6 20.b3 Rfe8 21.Qf3 Qe6 22.Ba3 Rad8
23.Rad1 f6 24.Nd6 Re7 25.Rd3 Red7 26.Red1 Bc7 27.Ne4 Rxd3 28.Rxd3 Nb7 29.Qf5 Qxf5
30.gxf5 Kf7 31.g4 Rxd3 32.cxd3 g6 33.Kg2 gxf5 34.gxf5 Bd8 35.Kf3 Be7 36.Bxe7 Kxe7
37.Kg4  1-0

[Event "17th TCh-Eur"]
[Site "Novi Sad SRB"]
[Date "2009.10.27"]
[Round "6"]
[White "Nyback,T"]
[Black "Beliavsky,A"]
[Result "1/2-1/2"]
[WhiteElo "2615"]
[BlackElo "2656"]

1.d4 d5 2.c4 c6 3.Nf3 Nf6 4.e3 Bg4 5.Qb3 Qc7 6.Ne5 e6 7.Nxg4 Nxg4 8.Nc3 Nd7
9.Bd2 Be7 10.Rc1 Qb6 11.Qc2 O-O 12.Bd3 Ngf6 13.O-O dxc4 14.Bxc4 Rac8 15.Rfd1 e5
16.Ne2 Qc7 17.h3 Bd6 18.dxe5 Nxe5 19.Bb3 Rfe8 20.Bc3 Ned7 21.Qf5 Bh2+ 22.Kf1 Be5
23.Nf4 Bxc3 24.Rxc3 Nf8 25.Qb1 Qe5 26.Bc2 Red8 27.Rxd8 Rxd8 28.Rd3  1/2-1/2

[Event "Tch-SLO League"]
[Site "Rogaska Slatina SLO"]
[Date "2009.12.12"]
[Round "2"]
[White "Beliavsky,A"]
[Black "Miladinovic,I"]
[Result "1-0"]
[WhiteElo "2648"]
[BlackElo "2553"]

1.d4 Nf6 2.c4 c5 3.d5 e5 4.Nc3 d6 5.e4 Be7 6.g3 Nbd7 7.Bg2 Nf8 8.Nf3 Ng6
9.Nd2 h5 10.Nf1 Nf8 11.Ne3 g6 12.f4 N6d7 13.O-O Nh7 14.a3 a6 15.b4 O-O 16.Ra2 Qc7
17.b5 Qd8 18.Raf2 Bf6 19.f5 Bg7 20.h4 Ndf6 21.Bh3 Kh8 22.Nc2 Bd7 23.a4 Qc7
24.Be3 Rg8 25.Ne1 Raf8 26.Nf3 axb5 27.axb5 Qa5 28.Bd2 gxf5 29.Ng5 Nxg5 30.hxg5 Ng4
31.exf5 Bh6 32.Ne4  1-0

[Event "Tch-SLO League"]
[Site "Rogaska Slatina SLO"]
[Date "2009.12.14"]
[Round "6"]
[White "Solak,D"]
[Black "Beliavsky,A"]
[Result "1/2-1/2"]
[WhiteElo "2579"]
[BlackElo "2648"]

1.e4 e6 2.d4 d5 3.Nd2 c5 4.exd5 Qxd5 5.Ngf3 cxd4 6.Bc4 Qd8 7.O-O a6 8.Nb3 b5
9.Bd3 Nf6 10.a4 b4 11.Qe2 Nc6 12.Rd1 Bb7 13.Bc4 Qc7 14.Nbxd4 Nxd4 15.Rxd4 Bc5
16.Rh4 Rd8 17.Bg5 Qc6 18.Bd3 Be7 19.Rc4 Qd5 20.Rc7 Bd6 21.Rxb7 Qxb7 22.Bxa6 Qc7
23.Bb5+ Ke7 24.g3 Qc5 25.a5 Rb8 26.Bc4 Rhc8 27.b3 Kf8 28.Bxf6 gxf6 29.a6 Bc7
30.Qe4 Bb6 31.Rf1 Rd8 32.Bd3 h5 33.Qh7 Ra8 34.Nh4 Ra7 35.Qh6+ Ke7 36.Qh7 Kf8
37.Qh6+  1/2-1/2

[Event "Tch-SLO League"]
[Site "Rogaska Slatina SLO"]
[Date "2009.12.15"]
[Round "8"]
[White "Predojevic,B"]
[Black "Beliavsky,A"]
[Result "1/2-1/2"]
[WhiteElo "2652"]
[BlackElo "2648"]

1.e4 e5 2.Nf3 Nc6 3.Bc4 Bc5 4.c3 Nf6 5.d3 d6 6.O-O O-O 7.Bb3 a6 8.h3 Ba7
9.Re1 Be6 10.Bc2 Re8 11.Nbd2  1/2-1/2

[Event "TCh-AUT 2009-10"]
[Site "Graz AUT"]
[Date "2010.01.16"]
[Round "6"]
[White "Stocek,J"]
[Black "Beliavsky,A"]
[Result "1/2-1/2"]
[WhiteElo "2592"]
[BlackElo "2648"]

1.d4 d5 2.c4 c6 3.Nf3 Nf6 4.Nc3 dxc4 5.e3 b5 6.a4 b4 7.Nb1 Ba6 8.Be2 e6 9.O-O Be7
10.Nbd2 c3 11.bxc3 bxc3 12.Nb1 Qa5 13.Ba3 c5 14.Bb5+ Bxb5 15.axb5 Nbd7 16.Qd3 Nd5
17.Bb2 Qb4 18.Bxc3 c4 19.Bxb4 cxd3 20.Ba3 a6 21.Bxe7 Kxe7 22.bxa6 Rhc8 23.Rd1 Nb4
24.g3 e5 25.Nxe5 Nxe5 26.dxe5 Rxa6 27.Rxa6 Nxa6 28.Nd2 Rc2 29.Kg2 Nc5 30.Kf3 Ke6
31.e4 Kxe5 32.Ke3 g5 33.f4+ gxf4+ 34.gxf4+ Kf6 35.Rb1 Kg7 36.Rb5 Rc1 37.Rb1 Rc2
38.h3 h6 39.Rg1+ Kf8 40.Rb1 Kg7 41.Rb5 Rc1 42.f5 Re1+ 43.Kd4 Re2 44.Rxc5 Rxd2
45.Rc3 Kf6 46.Rxd3 Ra2 47.Ke3 Ra1 48.Kf4 Rf1+ 49.Rf3 Re1 50.Rf2 Ra1 51.e5+ Ke7
52.Rd2 Ra4+ 53.Kf3 Rh4 54.Kg3 Re4 55.Rd5 Kf8 56.Kf3 Re1 57.f6 Kg8 58.h4 Kh7
59.h5 Kg8 60.Ra5 Kh7 61.Kf4 Kg8 62.Ra3 Re2 63.Rg3+ Kf8 64.Ra3 Kg8 65.Ra1 Kh7
66.Rg1 Kh8 67.Rg3 Re1 68.Rg2 Ra1 69.Ke4 Ra4+ 70.Kd5 Ra8 71.e6 fxe6+ 72.Kxe6 Ra6+
73.Ke7 Ra7+ 74.Ke6 Ra6+ 75.Kf7 Kh7 76.Rg7+ Kh8 77.Rg8+ Kh7 78.Rg7+ Kh8 79.Rg8+ Kh7
80.Re8 Rxf6+ 81.Kxf6  1/2-1/2

[Event "TCh-AUT 2009-10"]
[Site "Graz AUT"]
[Date "2010.01.17"]
[Round "7"]
[White "Beliavsky,A"]
[Black "Luther,T"]
[Result "1-0"]
[WhiteElo "2648"]
[BlackElo "2577"]

1.d4 e6 2.c4 d5 3.Nc3 Bb4 4.a3 Bxc3+ 5.bxc3 c5 6.e3 Nf6 7.cxd5 exd5 8.Bd3 O-O
9.Ne2 cxd4 10.cxd4 b6 11.f3 Ba6 12.Bxa6 Nxa6 13.Qd3 Nc7 14.O-O Re8 15.Bd2 Qd7
16.a4 Rac8 17.Be1 Re6 18.Bf2 Rc6 19.Bh4 Nfe8 20.e4 Rc4 21.a5 b5 22.e5 b4
23.f4 Nb5 24.f5 Nc3 25.Rae1 Qb5 26.f6 R4c7 27.Qf3 Nxe2+ 28.Rxe2 b3 29.Rb2 Rc3
30.Qf4 Nc7 31.fxg7 Qe8 32.Qh6 Ne6 33.Rbf2 R8c7 34.Rf5 Qb5 35.Rxf7 Rxf7 36.Rxf7 Qe8
37.Rb7 Nxd4 38.Qd6 Rc1+ 39.Kf2 Rc2+ 40.Kf1 b2 41.Rb8 Rc8 42.Qxd5+ Ne6 43.Rxb2 Qf7+
44.Bf6  1-0

[Event "Gotth' Art Cup GM"]
[Site "Szentgotthard HUN"]
[Date "2010.02.24"]
[Round "3"]
[White "Beliavsky,A"]
[Black "Banusz,T"]
[Result "1-0"]
[WhiteElo "2657"]
[BlackElo "2517"]

1.d4 d5 2.c4 c6 3.Nf3 Nf6 4.Nc3 dxc4 5.e3 b5 6.a4 b4 7.Nb1 e6 8.Bxc4 Be7
9.O-O Ba6 10.Nbd2 Bxc4 11.Nxc4 O-O 12.Qe2 Qd5 13.b3 Nbd7 14.Bb2 c5 15.Rfd1 Qb7
16.Nfe5 Rac8 17.Rac1 Qa6 18.Nxd7 Nxd7 19.d5 exd5 20.Rxd5 Qe6 21.Rcd1 Rc7
22.a5 f6 23.h3 Nb8 24.Qg4 Qxg4 25.hxg4 Rcc8 26.f4 Rfd8 27.e4 Kf7 28.Kf2 Rxd5
29.exd5 Nd7 30.Kf3 Bf8 31.Re1 Rd8 32.Re6 Rc8 33.Ra6 Rc7 34.Rc6 Rb7 35.a6  1-0

[Event "Gotth' Art Cup GM"]
[Site "Szentgotthard HUN"]
[Date "2010.02.25"]
[Round "4"]
[White "Vajda,Le"]
[Black "Beliavsky,A"]
[Result "0-1"]
[WhiteElo "2519"]
[BlackElo "2657"]

1.e4 e5 2.Nf3 Nc6 3.Bb5 a6 4.Ba4 Nf6 5.O-O Be7 6.Re1 b5 7.Bb3 O-O 8.h3 Bb7
9.d3 d6 10.a3 Qd7 11.Nc3 Rae8 12.Bd2 Bd8 13.Nd5 Nxd5 14.Bxd5 Bc8 15.a4 Ne7
16.Bb3 c6 17.axb5 axb5 18.c3 Ng6 19.d4 Bb6 20.dxe5 dxe5 21.Be3 Bxe3 22.Rxe3 Qe7
23.Qf1 Nf4 24.h4 Qf6 25.g3 Bh3 26.Qb1 Ne6 27.Ra7 Rd8 28.Kh2 Bg4 29.Kg2 h6
30.Ba2 g5 31.hxg5 Nxg5 32.Nxg5 hxg5 33.Rd3 Kg7 34.f3 Bxf3+  0-1

[Event "Gotth' Art Cup GM"]
[Site "Szentgotthard HUN"]
[Date "2010.02.27"]
[Round "6"]
[White "Prohaszka,P2"]
[Black "Beliavsky,A"]
[Result "1/2-1/2"]
[WhiteElo "2501"]
[BlackElo "2657"]

1.d4 Nf6 2.c4 e6 3.g3 d5 4.Nf3 dxc4 5.Bg2 c6 6.a4 Nbd7 7.O-O a5 8.Na3 Bxa3
9.Rxa3 O-O 10.Bg5 Ra6 11.Nd2 b5 12.Ne4 h6 13.Bxf6 Nxf6 14.Nc5 Ra7 15.Bxc6 b4
16.Ra1 Qd6 17.Bg2 e5 18.Rc1 exd4 19.Rxc4 Rc7 20.Qc2 Bg4 21.Nb3 Bf5 22.Qc1 Rxc4
23.Qxc4 d3 24.Rd1 Rc8 25.Qb5 Be6 26.Qxd3 Qxd3 27.Rxd3 Bc4 28.Rf3 Bxb3 29.Rxb3 Rc1+
30.Bf1 Ne4 31.Rd3 Kf8 32.Rd5 Nc5 33.e3 Nxa4 34.Rxa5 Nxb2 35.Kg2 b3 36.Rb5 Rc3
37.Rb4 Ke7 38.Be2 Kd6 39.Kf3 Kc5 40.Rb5+ Kc6 41.Rb4 f5 42.h4 Nd3 43.Bxd3 Rxd3
44.Ke2 Rc3 45.Kd2 Rc2+ 46.Kd3 Rxf2 47.Rxb3 Rg2 48.Kd4 Rxg3 49.Ke5 Rf3 50.Rb1 Rxe3+
51.Kxf5 Rg3 52.Rd1 h5 53.Rd8 Rg1 54.Ke6 Rg4 55.Rc8+ Kb6 56.Kf7 Rxh4 57.Kxg7 Rh1
58.Kh6 h4 59.Kh5 h3 60.Kh4  1/2-1/2

[Event "Gotth' Art Cup GM"]
[Site "Szentgotthard HUN"]
[Date "2010.03.02"]
[Round "8"]
[White "Bokros,A"]
[Black "Beliavsky,A"]
[Result "1/2-1/2"]
[WhiteElo "2479"]
[BlackElo "2657"]

1.e4 e5 2.Nf3 Nc6 3.Bb5 a6 4.Ba4 Nf6 5.O-O Be7 6.Re1 b5 7.Bb3 O-O 8.d3 d6
9.c3 Na5 10.Bc2 c5 11.Nbd2 Nc6 12.Nf1 Re8 13.h3 h6 14.Ng3 Bf8 15.d4 Bd7 16.Be3 cxd4
17.cxd4 exd4 18.Nxd4 d5 19.exd5 Nxd5 20.Nxc6 Bxc6 21.Qd3 g6 22.Bb3 Bg7 23.Rac1 Nxe3
24.Qxd8 Raxd8 25.Rxc6 Nc4 26.Rxe8+ Rxe8 27.Bxc4 bxc4 28.Rxc4 Re6 29.Ra4 Bxb2
30.Ne4 Rc6 31.Kf1 f5 32.Nd2 Kf7 33.Ke2 Ke6 34.Kd3 Rd6+ 35.Ke2 Kd7 36.Nb3 Bf6
37.g4 fxg4 38.hxg4 Kc7 39.f4 Kb6 40.Rb4+ Kc6 41.Nd2 Bd8 42.Nf3 Bb6 43.Re4 Kd5
44.Re5+ Kc4 45.Nd2+ Kd4 46.Re4+ Kd5 47.Re5+ Kd4 48.Re4+ Kc3 49.Rc4+ Kb2 50.Rb4+ Kc2
51.Rc4+ Kb2  1/2-1/2

[Event "Gotth' Art Cup GM"]
[Site "Szentgotthard HUN"]
[Date "2010.03.03"]
[Round "9"]
[White "Beliavsky,A"]
[Black "Fodor,T jr"]
[Result "1-0"]
[WhiteElo "2657"]
[BlackElo "2417"]

1.d4 d5 2.c4 e5 3.dxe5 d4 4.Nf3 Nc6 5.g3 Nge7 6.Na3 Ng6 7.Nc2 Ngxe5 8.Bg2 d3
9.Nxe5 Nxe5 10.Ne3 Bb4+ 11.Bd2 dxe2 12.Qxe2 Bxd2+ 13.Qxd2 Qxd2+ 14.Kxd2 Be6
15.Kc3 O-O-O 16.Rad1 Ng4 17.Nxg4 Bxg4 18.Rxd8+ Rxd8 19.Re1 c6 20.Be4 h6 21.f3 Bd7
22.b4 Re8 23.Rd1 Kc7 24.a4 g5 25.Rf1 c5 26.bxc5 Bxa4 27.Bd5 Bc6 28.f4 g4
29.Bxf7 Re2 30.f5 Rxh2 31.f6 Rg2 32.Bd5 Rxg3+ 33.Kd4 Be8 34.f7 Bxf7 35.Rxf7+ Kc8
36.Bxb7+  1-0

[Event "Open LTU Rapid Final"]
[Site "Vilnius LTU"]
[Date "2010.11.28"]
[Round "1"]
[White "Navara,D"]
[Black "Beliavsky,A"]
[Result "0-1"]
[WhiteElo "2708"]
[BlackElo "2622"]

1.e4 e5 2.Nf3 Nc6 3.Bb5 a6 4.Ba4 Nf6 5.O-O Be7 6.Re1 b5 7.Bb3 O-O 8.d4 d6
9.c3 Bg4 10.d5 Na5 11.Bc2 c6 12.h3 Bc8 13.dxc6 Qc7 14.Nbd2 Qxc6 15.Nf1 Be6
16.Ng3 Rac8 17.Nh4 g6 18.Bh6 Rfd8 19.Qf3 Ne8 20.Ngf5 Bxf5 21.Nxf5 gxf5 22.Qg3+ Kh8
23.exf5 Bf6 24.Re4 Nc7 25.Bg5 Bxg5 26.Qxg5 Rg8 27.Qh5 f6 28.Rae1 Nc4 29.Qh6 Qd7
30.Qxf6+ Qg7 31.Qxg7+ Rxg7 32.f4 Nd5 33.fxe5 dxe5 34.Bb3 Nf4 35.Bxc4 bxc4
36.Kh1 Rcg8 37.f6 Rf7 38.Rxc4 Rxf6 39.Rxe5 Nxg2 40.Rg4 Nf4 41.Kh2 Nd3 42.Re2 Rxg4
43.hxg4 Rg6 44.b4 Rxg4 45.a4 Rc4 46.b5 axb5 47.axb5 Rxc3 48.b6 Rb3 49.Re3 Rb2+
50.Kg3 Nc5 51.Re8+ Kg7 52.Rc8 Ne6 53.Rc6 Kf6 54.Kg4 Rb5 55.Rd6 Ke7 56.Rc6 Kd7
57.Rc3 Rxb6 58.Rh3 Nf8  0-1

[Event "Open LTU Rapid Final"]
[Site "Vilnius LTU"]
[Date "2010.11.28"]
[Round "2"]
[White "Beliavsky,A"]
[Black "Shimanov,A"]
[Result "1/2-1/2"]
[WhiteElo "2622"]
[BlackElo "2516"]

1.d4 d5 2.c4 c6 3.Nf3 Nf6 4.Nc3 a6 5.c5 Bf5 6.Bf4 Nbd7 7.e3 e6 8.Nd2 b6 9.b4 Be7
10.Be2 O-O 11.O-O Qc8 12.Na4 Qb7 13.Nb3 a5 14.a3 axb4 15.axb4 bxc5 16.Na5 Qc8
17.Nxc5 Nxc5 18.dxc5 Ne4 19.Ra3 Bf6 20.Qc1 e5 21.Bg3 Qc7 22.Bd3 Nxg3 23.hxg3 Bxd3
24.Rxd3 e4 25.Ra3 Rab8 26.Qd2 Rb5 27.Nb3 Rfb8 28.Ra4 Qb7 29.Na5 Qc7 30.Nb3 Qb7
31.Na5 Qc7  1/2-1/2

[Event "Open LTU Rapid Final"]
[Site "Vilnius LTU"]
[Date "2010.11.28"]
[Round "3"]
[White "Zagorskis,D"]
[Black "Beliavsky,A"]
[Result "1/2-1/2"]
[WhiteElo "2497"]
[BlackElo "2622"]

1.Nf3 d5 2.d4 Nf6 3.c4 c6 4.e3 Bg4 5.h3 Bxf3 6.Qxf3 e6 7.Nc3 Nbd7 8.Bd3 Bd6
9.cxd5 cxd5 10.O-O O-O 11.e4 dxe4 12.Nxe4 Qb6 13.Nxd6 Qxd6 14.Qxb7 Qxd4 15.Rd1 Qe5
16.Qf3 Nd5 17.Qe4 Qxe4 18.Bxe4 N7f6 19.Bd3 a5 20.Bd2 Rfb8 21.b3 a4 22.bxa4 Rxa4
23.Bc2 Ra3 24.Bb3 h6 25.Be1 Ra7 26.Rac1 g5 27.Rc4 Kg7 28.Kf1 Nd7 29.Rdc1 Ne5
30.Rc8 Rxc8 31.Rxc8 Nd3 32.Bxd5 exd5 33.Rc2 d4 34.Rc4 Rxa2 35.Rxd4 Nf4 36.Rd1 Rc2
37.Bd2 Kg6  1/2-1/2

[Event "Open LTU Rapid Final"]
[Site "Vilnius LTU"]
[Date "2010.11.28"]
[Round "4"]
[White "Rausis,I"]
[Black "Beliavsky,A"]
[Result "1-0"]
[WhiteElo "2482"]
[BlackElo "2622"]

1.e4 e5 2.Nf3 Nc6 3.Bb5 a6 4.Bxc6 dxc6 5.O-O Qf6 6.d4 exd4 7.Bg5 Qd6 8.Nxd4 Bd7
9.Nc3 Ne7 10.Qd2 O-O-O 11.Rad1 c5 12.Nde2 Qxd2 13.Rxd2 f6 14.Bf4 Ng6 15.Bg3 Ne5
16.b3 Bd6 17.Nd5 Bc6 18.Rfd1 Rhe8 19.f3 Nf7 20.Bxd6 Nxd6 21.g4 f5 22.gxf5 Nxf5
23.Kf2 Nd6 24.Nb6+ Kb8 25.Nc4 Rf8 26.Nxd6 cxd6 27.Ke3 Kc7 28.Nf4 Rf6 29.Rg1 g6
30.Nd5+ Bxd5 31.Rxd5 Rdf8 32.Rg3 Rf4 33.Rdg5 Kc6 34.R5g4 Rxg4 35.Rxg4 d5
36.exd5+ Kxd5 37.Rg5+ Kd6 38.h4 Re8+ 39.Kd3 Re5 40.f4 Rd5+ 41.Ke3 b5 42.c4 bxc4
43.bxc4 Rf5 44.Ke4 Ke6 45.Rg3 Rh5 46.Ra3 Rxh4 47.Rxa6+ Kd7 48.Ke5 Rh5+ 49.Ke4 Kc7
50.Rf6 Rh2 51.a4 Rh5 52.a5 Kb7 53.Rb6+ Ka7 54.Re6 Rh1 55.Kd5 Rh4 56.Kxc5 Rxf4
57.Kb5 Rf7 58.c5 Rb7+ 59.Rb6 Re7 60.Rd6 g5 61.Rd5 h6 62.c6  1-0

[Event "Moscow Open E"]
[Site "Moscow RUS"]
[Date "2011.01.29"]
[Round "1"]
[White "Petrosyan,M"]
[Black "Beliavsky,A"]
[Result "0-1"]
[WhiteElo "2070"]
[BlackElo "2634"]

1.d4 f5 2.c4 Nf6 3.Nf3 g6 4.g3 Bg7 5.Bg2 d6 6.O-O O-O 7.Nc3 Qe8 8.d5 Na6
9.Nd2 c6 10.Re1 e5 11.dxc6 bxc6 12.Nb3 Qd7 13.Na5 e4 14.Bf4 Ne8 15.f3 Qd8
16.Nb3 g5 17.Bd2 Be5 18.e3 exf3 19.Bxf3 Bd7 20.Qe2 Ng7 21.Nd1 g4 22.Bg2 h5
23.Bc3 h4 24.Bxe5 dxe5 25.c5 Nc7 26.Nc3 h3 27.Bf1 Nce6 28.Red1 Qe7 29.Qc4 Kh7
30.Be2 Be8 31.e4 f4 32.Bxg4 fxg3 33.hxg3 Qg5 34.Bxh3 Qxg3+ 35.Bg2 Rf2  0-1

[Event "Moscow Open E"]
[Site "Moscow RUS"]
[Date "2011.01.31"]
[Round "3"]
[White "Mishuchkov,N"]
[Black "Beliavsky,A"]
[Result "0-1"]
[WhiteElo "2405"]
[BlackElo "2634"]

1.Nf3 f5 2.g3 g6 3.Bg2 Bg7 4.d4 d6 5.O-O Nf6 6.c4 O-O 7.Nc3 Qe8 8.Nd5 Nxd5
9.cxd5 h6 10.Be3 Qf7 11.h4 Nd7 12.Qc1 Kh7 13.h5 gxh5 14.Qxc7 Nb6 15.Nh4 Bf6
16.Nf3 h4 17.Qc2 Rg8 18.Bd2 Qh5 19.Be1 Nxd5 20.Nxh4 Nf4 21.Nf3 Be6 22.Qd2 Nh3+
23.Bxh3 Qxh3 24.d5 Bf7 25.Qd3 Rg6 26.Bc3 Rag8 27.Rfd1 Bxc3 28.bxc3 f4 29.g4 Kh8
30.Qd4+ R8g7 31.g5 hxg5 32.Rd3 Rh6  0-1

[Event "Moscow Open E"]
[Site "Moscow RUS"]
[Date "2011.02.01"]
[Round "4"]
[White "Beliavsky,A"]
[Black "Kornev,Alexei"]
[Result "1/2-1/2"]
[WhiteElo "2634"]
[BlackElo "2507"]

1.d4 d5 2.c4 c6 3.Nf3 Nf6 4.Nc3 e6 5.Bg5 h6 6.Bxf6 Qxf6 7.e3 g6 8.Bd3 Bg7
9.e4 dxe4 10.Nxe4 Qd8 11.c5 O-O 12.Nd6 b6 13.O-O bxc5 14.dxc5 Bxb2 15.Rb1 Bg7
16.Qa4 Qc7 17.h4 Nd7 18.Qa3 Rd8 19.Bc4 Bf8 20.h5 Nxc5 21.Qxc5 Qxd6 22.Qxd6 Rxd6
23.hxg6 fxg6 24.Rfd1 Kf7 25.Ne5+ Kf6 26.Rxd6 Bxd6 27.Nxc6 Bc7 28.Rb3 Bd7
29.Rb7 Bh2+ 30.Kxh2 Bxc6 31.Rc7 Bd5 32.Kg3 Bxc4 33.Rxc4 Rd8 34.Ra4 Rd7 35.Ra5 e5
36.Kf3 Kf5 37.g4+ Kf6 38.Kg3 h5 39.f3 Rc7 40.gxh5 gxh5 41.f4 Rc3+ 42.Kf2 exf4
43.Rxa7 h4 44.Rh7 Kg5 45.Rg7+ Kf5 46.Rh7 Kg4 47.Rg7+ Kh3 48.a4 Ra3 49.Rh7 Rxa4
50.Kf3 Ra8 51.Kxf4 Rf8+ 52.Ke3 Kg3 53.Rg7+ Kh2 54.Ke2 h3 55.Rg6 Ra8 56.Kf2 Ra2+
57.Kf1 Rg2 58.Rf6 Rg4  1/2-1/2

[Event "Moscow Open E"]
[Site "Moscow RUS"]
[Date "2011.02.02"]
[Round "5"]
[White "Barbosa,O PHI"]
[Black "Beliavsky,A"]
[Result "0-1"]
[WhiteElo "2461"]
[BlackElo "2634"]

1.d4 f5 2.Nf3 Nf6 3.g3 g6 4.Bg2 Bg7 5.O-O O-O 6.c4 d6 7.Nc3 Qe8 8.Re1 Qf7
9.b3 Ne4 10.Bb2 Nd7 11.Qc2 Ndf6 12.Nxe4 Nxe4 13.e3 c6 14.Rad1 a5 15.a4 Be6
16.Nd2 d5 17.Bf1 g5 18.f3 Nd6 19.c5 Ne8 20.Bd3 Qh5 21.Bc3 Kh8 22.f4 Nf6 23.Be2 Qg6
24.Nf3 Ne4 25.Bd3 gxf4 26.exf4 Rg8 27.Ng5 h6 28.Nf3 Bf6 29.Bxe4 fxe4 30.Ne5 Qh7
31.Re3 h5 32.Kf2 h4 33.Rg1 Raf8 34.Ke1 Bxe5 35.dxe5 Rxf4 36.Bd4 Rf7 37.Kd1 Bg4+
38.Kc1 e6 39.gxh4 Bf3 40.Ree1 Rfg7 41.Qd2 Qxh4 42.Rxg7 Rxg7 43.Rg1 Rxg1+
44.Bxg1 Kh7 45.Kb2 Kg6 46.Be3 Kf5 47.Ka3 Qh3 48.Bh6 Qg4 49.Qxa5 d4 50.Qc7 e3
51.Qxb7 Qg6  0-1

[Event "Moscow Open E"]
[Site "Moscow RUS"]
[Date "2011.02.03"]
[Round "6"]
[White "Beliavsky,A"]
[Black "Belous,V"]
[Result "1/2-1/2"]
[WhiteElo "2634"]
[BlackElo "2497"]

1.d4 c5 2.d5 d6 3.e4 g6 4.Nf3 Bg7 5.Bb5+ Bd7 6.a4 Nf6 7.Nc3 O-O 8.O-O Bxb5
9.axb5 Nbd7 10.Bf4 Ne8 11.Qd2 Nc7 12.Bh6 a6 13.Bxg7 Kxg7 14.Qe2 axb5 15.Nxb5 Nxb5
16.Qxb5 Nf6 17.e5 Nxd5 18.Qxb7 dxe5 19.Nxe5 Rxa1 20.Rxa1 Qd6 21.Nc4 Qe6 22.h3 Nb4
23.Ne3 f5 24.Qf3 Rd8 25.Qf4 Rd7 26.Ra8 Rd6 27.g4 Nxc2 28.gxf5 Nd4 29.Qxd4+ cxd4
30.fxe6 dxe3 31.fxe3 Rd2 32.Ra1 Kf6 33.b4 Kxe6 34.Rb1 Kd6 35.b5 Kc7 36.Rb4  1/2-1/2

[Event "Moscow Open E"]
[Site "Moscow RUS"]
[Date "2011.02.04"]
[Round "7"]
[White "Kuderinov,K"]
[Black "Beliavsky,A"]
[Result "1-0"]
[WhiteElo "2469"]
[BlackElo "2634"]

1.e4 e5 2.Nf3 Nc6 3.Bc4 Nf6 4.d3 Be7 5.O-O O-O 6.a4 d5 7.exd5 Nxd5 8.Re1 Bg4
9.h3 Bxf3 10.Qxf3 Nb6 11.Nd2 Nxc4 12.Nxc4 f6 13.Be3 Qd7 14.Rad1 a6 15.c3 Qe6
16.b4 Rfe8 17.b5 axb5 18.axb5 Nd8 19.b6 c6 20.Ra1 Rxa1 21.Rxa1 f5 22.Qe2 Bf8
23.Ra8 Nf7 24.Rxe8 Qxe8 25.Bd4 e4 26.f3 Nd6 27.Nxd6 Bxd6 28.dxe4 fxe4 29.fxe4 Qe6
30.Qf3 Bf8 31.Qf5 Qxf5 32.exf5 Kf7 33.Kf2 g6 34.fxg6+ hxg6 35.Kf3 Be7 36.Ke4 Ke6
37.Bf2 Bf6 38.c4 Be7 39.h4 Bd6 40.g4 Kf7 41.Bd4 Bg3 42.h5 Bd6 43.Be5 Bb4
44.Bf4 Be7 45.Be3 Bd6 46.Bd4 Bg3 47.c5 Bh2 48.Be5 Bg1 49.h6 Kg8 50.Bd6  1-0

[Event "TCh-SLO"]
[Site "Ljubljana SLO"]
[Date "2011.05.27"]
[Round "1"]
[White "Beliavsky,A"]
[Black "Ragger,M"]
[Result "1/2-1/2"]
[WhiteElo "2621"]
[BlackElo "2674"]

1.d4 d5 2.c4 c6 3.Nf3 Nf6 4.Nc3 dxc4 5.a4 Bf5 6.Ne5 e6 7.f3 Bb4 8.e4 Bxe4
9.fxe4 Nxe4 10.Bd2 Qxd4 11.Nxe4 Qxe4+ 12.Qe2 Bxd2+ 13.Kxd2 Qd5+ 14.Kc2 Na6
15.Nxc4 O-O 16.Qe5 Rab8 17.Ra3 f6 18.Qxd5 cxd5 19.Nd2 Rfc8+ 20.Kb1 Nb4 21.Be2 Kf7
22.a5 Nc6 23.Rf1 Rc7 24.Rc1 Rbc8 25.a6 b6 26.Rh3 Nd4 27.Rxc7+ Rxc7 28.Bd1 h6
29.Rd3 Nb5 30.Nf3 g6  1/2-1/2

[Event "TCh-SLO"]
[Site "Ljubljana SLO"]
[Date "2011.05.28"]
[Round "2"]
[White "Beliavsky,A"]
[Black "Dizdar,G"]
[Result "0-1"]
[WhiteElo "2621"]
[BlackElo "2486"]

1.d4 Nf6 2.c4 e6 3.Nf3 Bb4+ 4.Bd2 c5 5.Bxb4 cxb4 6.a3 bxa3 7.Nxa3 O-O 8.e3 b6
9.Bd3 d6 10.O-O Bb7 11.b4 Qe7 12.Re1 Nc6 13.Nc2 a5 14.b5 Nb8 15.e4 Nbd7 16.e5 dxe5
17.Nxe5 Nxe5 18.Rxe5 Rfd8 19.Qe2 Qc7 20.f4 g6 21.Rf1 Nd7 22.Re3 Nf8 23.h4 a4
24.h5 a3 25.Qg4 a2 26.Qg5 Rd6 27.h6 Nd7 28.f5 exf5 29.Bxf5 Qxc4 30.Rfe1 Nf8
31.Qe7 Rad8 32.Qxb7 gxf5  0-1

[Event "TCh-SLO"]
[Site "Maribor SLO"]
[Date "2011.06.04"]
[Round "5"]
[White "Tratar,M"]
[Black "Beliavsky,A"]
[Result "1/2-1/2"]
[WhiteElo "2489"]
[BlackElo "2621"]

1.Nf3 c5 2.c4 Nf6 3.g3 b6 4.Bg2 Bb7 5.O-O e6 6.Nc3 Be7 7.d4 cxd4 8.Qxd4 d6
9.Bg5 Nbd7 10.Nb5 h6 11.Bxf6 Nxf6 12.Rfd1 d5 13.cxd5 exd5 14.Qa4 O-O 15.Nbd4 Qe8
16.Qxe8 Rfxe8 17.Bh3 Bc5 18.e3 a5 19.a4 Rad8 20.Rac1 Ne4 21.Nb5 Nxf2 22.Kxf2 Bxe3+
23.Kf1 d4 24.Nd2 Rd5 25.Nc7 Rh5 26.Nxe8 Rxh3 27.Nd6 Rxh2 28.Nxb7 d3 29.Rc8+ Kh7
30.Nc4 Rh1+ 31.Kg2 Rxd1 32.Nxe3 Rd2+ 33.Kf3 Rxb2 34.Nd6 d2 35.Rc4 d1=Q+ 36.Nxd1 Rd2
37.Nxf7 Rxd1 38.Ke2 Rd5 39.Rc6 b5 40.axb5 Rxb5 41.Ra6 h5 42.Nd8 Rf5 43.Nb7 h4
44.gxh4  1/2-1/2

[Event "TCh-SLO"]
[Site "Lasko SLO"]
[Date "2011.06.10"]
[Round "7"]
[White "Ruck,R1"]
[Black "Beliavsky,A"]
[Result "1/2-1/2"]
[WhiteElo "2562"]
[BlackElo "2621"]

1.Nf3 Nf6 2.c4 c6 3.d4 d5 4.Nc3 e6 5.Bg5 h6 6.Bxf6 Qxf6 7.e3 Nd7 8.Bd3 dxc4
9.Bxc4 g6 10.O-O Bg7 11.e4 e5 12.d5 O-O 13.h3 Nb6 14.Bb3 cxd5 15.Nxd5 Nxd5
16.Bxd5 Be6 17.Bxe6 Qxe6 18.Qe2 Rfd8 19.b3 a5 20.Rfd1 Rxd1+ 21.Rxd1 a4 22.Qb5 axb3
23.axb3 Qc6 24.Qxc6 bxc6 25.Rc1 Rb8 26.Rxc6 Rxb3 27.Rc8+ Kh7 28.Rc7 Kg8 29.Rc8+ Kh7
30.Rc7 Kg8  1/2-1/2

[Event "TCh-SLO"]
[Site "Lasko SLO"]
[Date "2011.06.12"]
[Round "9"]
[White "Sebenik,M"]
[Black "Beliavsky,A"]
[Result "0-1"]
[WhiteElo "2524"]
[BlackElo "2621"]

1.d4 Nf6 2.c4 e6 3.g3 d5 4.Nf3 Bb4+ 5.Bd2 Be7 6.Bg2 O-O 7.O-O c6 8.Bf4 dxc4
9.Ne5 Nd5 10.Nxc4 Nxf4 11.gxf4 Nd7 12.Nc3 Nb6 13.Ne5 f6 14.Nf3 Nd5 15.e3 Bd7
16.Rc1 Be8 17.Ne4 Qb6 18.Qc2 Bg6 19.Nh4 Nb4 20.Qb1 Bf7 21.Nc5 Bxc5 22.dxc5 Qb5
23.Be4 f5 24.Bf3 Rad8 25.a3 Na6 26.Qc2 Qa5 27.Rfd1 Rxd1+ 28.Qxd1 Rd8 29.Qf1 Rd7
30.Bg2 Nxc5 31.b4 Qb6 32.Rxc5  0-1

[Event "13th EICC"]
[Site "Plovdiv BUL"]
[Date "2012.03.20"]
[Round "1.66"]
[White "Beliavsky,A"]
[Black "Kanmazalp,O"]
[Result "1-0"]
[WhiteElo "2630"]
[BlackElo "2389"]

1.d4 d5 2.c4 e6 3.Nc3 Be7 4.cxd5 exd5 5.Bf4 c6 6.e3 Bf5 7.g4 Be6 8.h3 Nd7
9.Nf3 g5 10.Be5 Nxe5 11.Nxe5 f6 12.Nd3 Bd6 13.Qf3 Qe7 14.O-O-O O-O-O 15.Bg2 h5
16.e4 dxe4 17.Qxe4 Qf7 18.Nc5 Bxa2 19.Qf5+ Kb8 20.Nxb7 Bf4+ 21.Qxf4+ gxf4
22.Nxd8 Qc4 23.Nxc6+ Kc7 24.Rhe1 hxg4 25.hxg4 f3 26.Bxf3 Rh3 27.Re3 Rxf3
28.Rxf3 Qxc6 29.d5 Qc4 30.Rd4 Qf1+ 31.Kc2 Bc4 32.Rff4 Ba6 33.g5 fxg5 34.d6+ Kd7
35.Rf7+ Ke6 36.d7 Kxf7 37.d8=Q Qxf2+ 38.Kb3 Nf6 39.Rd6 Qf1 40.Qc7+ Kg6 41.Qc6 Bd3
42.Nd5 Qd1+ 43.Kc3  1-0

[Event "13th EICC"]
[Site "Plovdiv BUL"]
[Date "2012.03.22"]
[Round "3.15"]
[White "Beliavsky,A"]
[Black "Pap,G"]
[Result "1/2-1/2"]
[WhiteElo "2630"]
[BlackElo "2538"]

1.d4 d5 2.c4 c6 3.Nf3 Nf6 4.Nc3 Qb6 5.g3 dxc4 6.Bg2 g6 7.O-O Bg7 8.Ne5 O-O
9.Nxc4 Qa6 10.b3 Be6 11.Qd3 Rd8 12.Bb2 Bxc4 13.Qxc4 Qxc4 14.bxc4 Rxd4 15.Nd5 Nxd5
16.Bxd4 Bxd4 17.cxd5 Bxa1 18.Rxa1 cxd5 19.Bxd5 Nc6 20.Rb1 Rd8 21.Bxc6 bxc6
22.Rb7 Rd2 23.Rxa7 Rxe2 24.Rc7 Rxa2 25.Rxc6 g5 26.Rc4 Kg7 27.h4 h6 28.hxg5 hxg5
29.g4 Kf6 30.Kg2 Rd2 31.Rc5 e6 32.Rc7 Rd6 33.Kg3 e5 34.f3 Ke6 35.Ra7 f6 36.Ra5 f5
37.gxf5+ Kxf5 38.Ra8 Rd3 39.Kf2 Rb3 40.Rf8+ Ke6 41.Rg8 Kf5 42.Rf8+  1/2-1/2